| 000 | 00713cab a2200205 4500 | ||
|---|---|---|---|
| 001 | WB3423-12 | ||
| 008 | 090401t1998 xxu||||| |||| 00| 0 eng d | ||
| 035 | _a(Sirsi) u86845 | ||
| 041 | _aeng | ||
| 245 | _aSuperprime sites see rent surge | ||
| 260 | _c1998 | ||
| 350 | _a0 | ||
| 490 |
_aEstates Gazette _v63(9) 12 June 1998, 18(1) |
||
| 520 | _aColliers Erdman Lewis` analysis of prime retail rent increases identifies shopping centres and high streets classified as `superprime` where rents have increased on an average of 22%. Lists top 20 streets. | ||
| 650 | _aPRIME RENTS | ||
| 650 | _aRETAIL RENTS | ||
| 690 | _aPROPERTY-COMMERCIAL PROPERTY-RETAIL PROPERTY | ||
| 942 | _n0 | ||
| 948 | _c16/06/1998 | ||
| 999 |
_c54688 _d54688 |
||